| 000 | 00932 a2200217 4500 | ||
|---|---|---|---|
| 020 | _a0134334752 | ||
| 020 | _a9780134334752 | ||
| 082 | 0 | 4 | _a332.72 |
| 090 |
_c3236 _d3236 |
||
| 100 | 1 | _aClauretie, Terrence M. | |
| 245 | 1 | 0 |
_aReal estate finance : _btheory and practice / _cTerrence M. Clauretie. |
| 250 | _a2nd/Bk&Dsk ed. | ||
| 260 |
_a[S.l.] : _bPrentice Hall, _c1996. |
||
| 300 |
_a669 p. ; _c27 cm. |
||
| 500 | _aHardcover. | ||
| 520 | _aThis insightful text applies the theoretical aspects of financial economics to explain how real estate financial institutions and markets have developed and evolved to their present state, and why they take the form they do. | ||
| 700 | 1 | _aSirmans, G. Stacy. | |
| 856 | 4 | 0 |
_3Amazon.com _uhttp://www.amazon.com/exec/obidos/ASIN/0134334752/chopaconline-20 |
| 856 | 4 | 0 |
_3Amazon customer reviews _uhttp://www.chopac.org/cgi-bin/tools/azrev.pl?q=0134334752 |
| 942 |
_aNBS _cBK _k332.72 CLA |
||
| 999 |
_c345724 _d345724 |
||